Curiosità sulla Roma Antica - Statistics

Statistiche generali
  • Questo quiz è stato fatto 109 volte
  • Il punteggio medio è 15 su 22
Statistiche sulle risposte
DOMANDA RISPOSTA % Corretto
I primi 5 imperatori romani Augusto/Ottaviano
93%
Animali che, secondo la leggenda, allevò Romolo e Remo Lupa
92%
Amante egiziana di Cesare e Antonio Cleopatra
89%
. Nerone
88%
Plebei e... Patrizi
86%
Fiume attraversato da Cesare che si accingeva alla conquista dell'Italia Rubicone
85%
Frase che disse in quell'occasione: Il dado è... Tratto
82%
. Caligola
79%
Metodo di esecuzione usato per i seguaci di Spartaco e per Gesù Crocifissione
79%
Il colle da dove sorsero i primi insediamenti romani Palatino
78%
. Claudio
76%
I Romani rubarono le mogli a questo popolo, secondo il mito Sabini
74%
. Tiberio
73%
Tipica tunica dei senatori romani Toga
66%
Principale luogo d'incontro dell'Antica Roma Foro
65%
Termine utilizzato per una divisione dell'esercito romano Legione
64%
Figlio di Marco Aurelio che governò dal 180 al 192 Commodo
59%
Popolo barbaro che saccheggiò Roma nel 455 Vandali
55%
Imperatore Bizantino che riuscì a riconquistare l'Italia dagli Ostrogoti Giustiniano
53%
Era chiamata dai Romani Lutetia Parigi
38%
Ultimo imperatore dichiaratamente pagano che volle restaurare questo culto Giuliano/Giuliano l'Apostata
33%
Vescovo di Milano che per primo scomunicò un imperatore (Teodosio) Sant'Ambrogio
20%
Nessun quiz corrispondente trovato
Distribuzione punteggi
Percentuale di utenti per punteggio
Percentile per numero di risposta
I tuoi punteggi nel tempo
Non hai fatto questo quiz